Statistics for Countries Closest to Turkey A-Z

Click here to take the quiz!

General Stats

  • This quiz has been taken 59 times
  • The average score is 21 of 27

Answer Stats

LetterCountry% Correct
AAzerbaijan
96%
AArmenia
93%
GGreece
93%
BBulgaria
91%
IIraq
91%
JJordan
91%
CCyprus
89%
IIran
87%
OOman
87%
GGeorgia
85%
SSyria
85%
YYemen
85%
QQatar
83%
DDenmark
80%
RRussia
80%
FFrance
78%
ZZambia
78%
LLebanon
74%
HHungary
72%
UUkraine
72%
EEgypt
70%
VVatican City
67%
MMoldova
65%
TTurkmenistan
63%
NNorth Macedonia
61%
PPoland
61%
KKosovo
59%

Score Distribution

Percentile by Number Answered

Percent of People with Each Score

Your Score History

You have not taken this quiz